LEADER 01090nam a2200265 u 4500 001 000000039994 003 CaOOAMICUS 005 20070226114043.0 008 980521s1976 it u000 u ita u 035 $a10795619 040 $aPUL(R)$bita 100 1 $aRoda, Sergio.$0(OLS)http://pul/name/6928 245 10$aOsservazioni sulla "Editio Quaestoria" a Roma nell'Età imperiale /$cSergio Roda. 260 $a[S. l. :$bs. n.],$c1976. 300 $aP. 145-161 ;$c25 cm 500 $aEstratto da Studi Romani, a. XXIV, n.2 aprile-giugno 1976. 650 4$aDiritto romano.$0(OLS)http://pul/subject/382 850 $aPUL 852 $aPUL$W1$xDP1 Miscellanee$y10$mMisc.Lombardi.128(int.6)$j54402$nBK-PRI$b $qStampati Miscellanee$B54402$CPULBib$Z2$F54402 $H $81 941 1 $a17 960 $aRoman law$9382 960 $aRoman law$9382 961 $aINV: Legato con altri volumi. 996 $6245$aOsservazioni sulla "Editio Quaestoria" a Roma nell'Età imperiale$9(OLS)http://pul/title/54065 996 $6260$a[S. l. :$bs. n.]$9(OLS)http://pul/publisher/47882 LEADER 01229nam a2200277 u 4500 001 000000116266 003 CaOOAMICUS 005 20090617120406.0 008 090617s2008 it u000 u ita r 020 $z978-88-217-2915-7* 040 $aPUL$bita$dLDB 100 1 $aDe Capoa, Antonio.$0(OLS)http://pul/name/72219 245 10$aRomania :$bcommercio internazionale e investimenti esteri /$cAntonio De Capoa, Alessandro De Rubertis. 260 $aMilano :$bIpsoa,$cc2008. 300 $axviii, 292 p. ;$c24 cm 490 1 $aPaesi emergenti ;$v09 504 $aBibliografia in nota. 651 4$aRomania$xCommerio internazionale.$0(OLS)http://pul/subject/35503 700 1 $aDe Rubertis, Alessandro.$0(OLS)http://pul/name/72220 830 0$aPaesi emergenti ;$v09.$0(OLS)http://pul/title/139180 850 $aPUL 852 $aPUL$W1$xSL Diritto e Scienze Sociali 3$y79$m382. 094 DECAN 1$j133227$qDDC 21$B132253$CPULBib$Z2$F132253 $H110877 $82 941 1 $a9 996 $6020$z978-88-217-2915-7*$9(OLS)http://pul/number/141175 996 $6245$aRomania :$bcommercio internazionale e investimenti esteri$9(OLS)http://pul/title/146111 996 $6260$aMilano :$bIpsoa$9(OLS)http://pul/publisher/67046